Responses for Show #3579 - Thursday, March 9, 2000

Contestants

[<< previous game]

Charles Hubert, a developer from Tucker, Georgia

Ellen Alers, an archivist from Washington, D.C.

Lynne Bruchet, a behavior specialist from Tallahassee, Florida (whose 1-day cash winnings total $9,601)

[next game >>]

Jeopardy! Round responses

SUDBURY, MY HOMETOWN
COLORS
NOVEL OPENINGS
MODERN SPORTS EQUIPMENT
(Alex: You have to identify the sport for us)
WOODY GUTHRIE
ENDS IN "I"
    $100 26
(less than a minute to go...)

Parking meters

Charles
    $100 16
Red

Charles
    $100 10
(Charles: If I miss this, it'll be awful!)

Gone with the Wind

Charles
    $100 7
Bicycle

Lynne
    $100 2
Oklahoma

Lynne
    $100 1
Helsinki

Charles
    $200 27
(E: What is football?)

Ice hockey

LynneEllen
    $200 17
Green

Charles
    $200 11
"The World According To Garp"

Charles
    $200 8
Mountain climbing

Ellen
    $200 3
His guitar

Charles
    $200 21
Graffiti

Ellen
    $300 28
Ontario

Ellen
    $300 18
Gray

Ellen
    $300 12
"Love Story"

Charles
    $300 9
Skydiving

Charles
    $300 4
Bob Dylan

Charles
    $300 22
Mariachi

Lynne
    $400 29
(E: Uh...the lights?)
(L: What is the Aurora Borealis....Northern Lights?)

Northern Lights

LynneEllen
    $400 19
(E: What is white?)

Black

LynneEllen
    $600 13
(C: What is "Huckleberry Finn?")

"The Adventures Of Tom Sawyer"

Charles
    $400 15
Surfing

Lynne
    $400 5
Arlo Guthrie

Charles
    $400 24
Lanai

Ellen
    $500 30
Nickel

Charles
    $500 20
Beige

Charles
    $500 14
"The Grapes Of Wrath"

Ellen
    $500 23
(C: What is windsurfing?)

Hang gliding

EllenCharles
    $500 6
(C: What is "Train To Glory?")

"Bound For Glory"

Charles
Triple Stumper
    $500 25
(Alex: I noticed the three of you stayed away from my hometown the longest time, but you've got to go there now, Ellen!)

Kabuki

Ellen

Scores at the first commercial break (after clue 14):

Lynne Ellen Charles
$200 $700 $800

Scores at the end of the Jeopardy! Round:

Lynne Ellen Charles
$1,900 $1,900 $1,700

Double Jeopardy! Round responses

THE JET PROPULSION LABORATORY
(Alex: Gonna love that one!)
CLASSIC CINEMA
RITUALS
MUSIC
STATES' MEN
(Alex: Give their home state)
LITERARY BEFORE & AFTER
    $200 1
(E: What is Venus?)

Pluto

EllenCharles
    $200 5
Easy Rider

Lynne
    $200 11
Groundhogs

Ellen
    $200 23
Marie Antoinette

Ellen
    $200 16
Indiana

Charles
    $200 21
Inherit the Wind in the Willows

Triple Stumper
    $400 2
Satellite

Ellen
    $400 6
Judgment at Nuremberg

Charles
    $400 12
(E: What is a bonfire?)

Man

Ellen
Triple Stumper
    $400 24
"Papillon"

Lynne
    $400 17
Maryland

Ellen
    $400 22
(less than a minute to go, Charles...)

How Green Was My Valley Girl

Triple Stumper
    $600 3
Stardust

Charles
    $600 7
Stage Door

Ellen
    $600 13
(E: What is 12?)
(C: What is 7?)

8

LynneEllenCharles
    $600 25
(Ellen: What is Show Boat?)

Porgy and Bess ("I Got Plenty Of Nothing")

LynneEllen
    $600 18
Texas

Charles
    $800 4
Super Soaker

Lynne
    $800 8
(L: What is "The Gunfighter?")
(E: What is "Destry Rides Again?")

Duel in the Sun

LynneEllen
Triple Stumper
    $800 14
Saffron

Charles
    $800 26
Johann Strauss

Ellen
    $800 19
Nebraska

Triple Stumper
    $1,000 10
Voyager

Ellen
    $1000 9
Metropolis

Ellen
    $1000 15
(E: no response)

Charon

EllenCharles
    $1000 27
(buzzer sounds)

Engelbert Humperdinck

Charles
    $1,000 20
Louisiana

Charles

Scores at the end of the Double Jeopardy! Round:

Lynne Ellen Charles
$3,700 $2,900 $6,900

[wagering suggestions for these scores]

Final Jeopardy! Round responses

WORLD CAPITALS
EllenWhat is Madrid
$500
LynneWhat is Mexico City
$3,500
CharlesWhat is Monte
$501
Manila, Philippines (Manila Bay)

Final scores:

Lynne Ellen Charles
$200 $2,400 $6,399
3rd place: VTech Cordless Phones 2nd place: Trip to Club Intrawest, Palm Desert, California New champion: $6,399

Game dynamics:

Coryat scores:

Lynne Ellen Charles
$3,700 $2,900 $7,500
12 R,
1 W
16 R
(including 1 DD),
9 W
22 R
(including 1 DD),
4 W
(including 1 DD)

Combined Coryat: $14,100

[game clues] [game scores] [suggest correction]

Game tape date: 1999-12-14
The J! Archive is created by fans, for fans. Scraping, republication, monetization, and malicious use prohibited; this site may use cookies and collect identifying information. See terms. The Jeopardy! game show and all elements thereof, including but not limited to copyright and trademark thereto, are the property of Jeopardy Productions, Inc. and are protected under law. This website is not affiliated with, sponsored by, or operated by Jeopardy Productions, Inc. Join the discussion at JBoard.tv.